Plant systematics /

Guardado en:
Autor Principal: Simpson, Michael G. 1953-
Formato: Libro
Idioma:English
Publicado: Amsterdam : Elsevier, c2010.
Edición:2nd ed.
Materias:
Etiquetas: Agregar Etiqueta
Sin Etiquetas, Sea el primero en etiquetar este registro!
LEADER 00851cam a22002654a 4500
001 EUN.eunm007473
005 20180807122117.0
008 100308s2010####maua#####b####001#0#eng##
010 |a  2010009204 
020 |a 9780123743800 
040 |a DNAL/DLC  |c DLC  |d DLC 
050 0 0 |a QK95  |b .S566 2010 
070 |a QK95  |b .S566 2010 
082 0 4 |a 580.12  |2 22 
082 0 0 |a 580.1/2  |2 22 
100 1 |a Simpson, Michael G.  |q (Michael George),  |d 1953- 
245 1 0 |a Plant systematics /  |c Michael G. Simpson. 
250 |a 2nd ed. 
260 |a Amsterdam :  |b Elsevier,  |c c2010. 
300 |a xii, 740 p. :  |b il. (principalmente col.) ;  |c 29 cm. 
504 |a Incluye referencias bibliográficas e índice. 
650 7 |a Botánica.  |2 unbist 
650 7 |a Plantas.  |2 unbist 
653 |a Taxonomía vegetal 
859 |a AR-BaUNS  |b BIB. CENTRAL - Sector A  |h 580.12  |i Si58a2  |p 126660/018